Diseño e implementación de un módulo automático para impresión de código en componentes electrónicos, Trimpot Electrónicas Ltda
Guardado en:
| Hovedforfatter: | |
|---|---|
| Format: | Bog |
| Udgivet: |
[San José, Costa Rica]
2009
|
| Fag: | |
| Tags: |
Tilføj Tag
Ingen Tags, Vær først til at tagge denne postø!
|
MARC
| LEADER | 00000nam a2200000Ia 4500 | ||
|---|---|---|---|
| 003 | 001430 | ||
| 005 | 20221231144046.0 | ||
| 008 | 140114s2009 cr a 000 ||s d | ||
| 040 | |c cru CEDI | ||
| 090 | |a TFG 5947 | ||
| 100 | |a Brenes Loría, Ricardo |9 3596 | ||
| 245 | |a Diseño e implementación de un módulo automático para impresión de código en componentes electrónicos, Trimpot Electrónicas Ltda | ||
| 260 | |c 2009 |b [San José, Costa Rica] | ||
| 300 | |a vii, 118 hojas; ilustraciones | ||
| 500 | |a Tesis (licenciatura en ingeniería mecánica)--Universidad de Costa Rica. Facultad de Ingeniería. Escuela de Ingeniería Mecánica | ||
| 650 | |x DISPOSITIVOS ELECTROMECANICOS |x TRIMPOT ELECTRONICAS S.A. (COSTA RICA) |x CODIGO DE BARRAS |x IMPRESION LASER |x CONTROL AUTOMATICO |9 3597 | ||
| 942 | |c TFG | ||
| 999 | |c 16281 |d 16281 | ||
